000 01324nam a22003377a 4500
003 EG-GICUC
005 20260428213014.0
008 260428s1950 fr p|||fr|||| 001 0 fre d
040 _aEG-GiCUC
_bfre
_cEG-GiCUC
_dEG-GiCUC
_eRda
041 0 _afre
082 0 4 _221
_a343.766204
_bHU . G
092 0 4 _221
099 _aLaw1 10 343.766204 1950 HU . G
100 1 _aHugueney, Louis
_eAuteur
245 _aLes grands systèmes pénitentiaires actuels.
_nTome I,
_bexposé systématique du régime appliqué dans les différents pays /
_cLouis Hugueney, H. Donnedieu de Vabres, H. Donnedieu de Vabres.
264 _a Paris :
_b Recueil Sirey,
_c1950.
300 _a448 page ;
_c 24 cm.
336 _2rda contenu
_a texte
337 _2rda medias
_aOrdinateur
338 _2 transporteur rda
_a Ressource en ligne
490 _aTravaux et recherches de l'Institut de droit comparé de l'Université de Paris.
500 _aPrésentation systématique du régime appliqué dans différents pays.
504 _aBibliography: pages 200-250. 240-220
546 _aTexte en français
650 1 4 _aDroit Pénal
700 1 _aAncel, Marc.
_eCo-Auteur
700 1 _aVabres ,H. Donnedieu de
_eCo-Auteur
856 4 0 _uhttps://fll.law.cu.edu.eg/fulltext/bks/B10-10385.pdf
905 _a30
942 _2ddc
_cBK
_e21
_n0
999 _c74005
_d74005